लोड हो रहा है...
Textbook of Fishery Science and Indian Fisheries
| मुख्य लेखक: | |
|---|---|
| स्वरूप: | Printed Book |
| भाषा: | Undetermined |
| प्रकाशित: |
Kitab Mahal Publishers
2011
New Delhi |
| विषय: |
| LEADER | 00739nam a2200241Ia 4500 | ||
|---|---|---|---|
| 008 | 141122s9999 xx 000 0 und d | ||
| 020 | |a 8122500293 | ||
| 040 | |c . | ||
| 041 | |a English | ||
| 082 | |a 639 | ||
| 082 | |b SRI/FI | ||
| 100 | |a C B L Srivastava | ||
| 245 | |a Textbook of Fishery Science and Indian Fisheries | ||
| 245 | |c C B L Srivastava | ||
| 260 | |b Kitab Mahal Publishers | ||
| 260 | |b New Delhi | ||
| 260 | |c 2011 | ||
| 300 | |a 532 Pages | ||
| 365 | |a Rs.240/- | ||
| 650 | |a Fishery Science and Indian Fisheries | ||
| 942 | |c BK | ||
| 999 | |c 4391 |d 4391 | ||
| 952 | |0 0 |1 0 |2 ddc |4 0 |6 639_300000000000000_SRIFI |7 0 |9 4350 |a COVAS |b COVAS |d 0000-00-00 |g 240.00 |l 9 |m 5 |o 639.3 SRI/FI |p 20177 |r 2019-08-07 |s 2019-08-02 |w 2014-11-26 |y BK | ||